000 00956nam a22002897a 4500
001 BR7905639
003 BR-BrBNA
005 20230928090057.0
007 ta
008 230509b bl.||||| |||| 00| 0 por d
040 _aBR-BrBNA
_bpor
_cBiblioteca Nacional de Agricultura
041 _a(Por)
072 _aE50
_b/G514
090 _ E50 BR7905639
110 1 _aUniversidade Federal de Minas Gerais, Belo Horizonte (Brasil). Centro de Desenvolvimento e Planejamento Regional
_910836
245 1 _aEstudos para fixacao de diretrizes da ocupacao agricola da Amazonia. v. 2 - Processo de ocupacao da Regiao Norte [Brasil]
_bConvenio CEDEPLAR - SUPLAN/MA
260 3 _aBelo Horizonte, MG (Brasil):
_c1979.
300 _a163 p.
650 _aSociologia rural
650 _aColonizacao
650 _aMigracao rural
650 _aPecuaria
650 _aAgricultura
650 _aRegiao Norte
909 _a202309
_bLucia
_c55
_dLucia Elande
942 _cBK
999 _c27730
_d27730